Seinfeld Phrases Match-Up II Quiz Stats

 Plays Quiz Updated Feb 22, 2015

Challenge
Share
Tweet
Score 0/25 Timer 05:00
11 Plays Today
% Correct
No soup
97.8%
Maybe the dingo
97.5%
Are you still master
96.8%
Looking at cleavage is
96.1%
These pretzels are
96.1%
They're real and
95.8%
It's not you
95.6%
Not that there's
95.5%
The jerk store called
95.1%
A little too much chlorine
94.7%
You mean the panties
94.6%
Slip one
93.6%
It's not a lie
93.6%
% Correct
You can stuff
93.3%
Nobody beats me
92.6%
He fires people
92.2%
You are so
90.8%
So who's having sex
90.1%
That's a
89.5%
Moles
89%
George is
89%
My boys need
88.4%
Poppie's a
88.4%
I think
87.6%
The lure of
78.4%

You're not logged in!

Compare scores with friends on all Sporcle quizzes.
OR
Log In

You Might Also Like...

Show Comments

Extras

Top Quizzes Today


Score Distribution

Your Account Isn't Verified!

In order to create a playlist on Sporcle, you need to verify the email address you used during registration. Go to your Sporcle Settings to finish the process.

Report this User

Report this user for behavior that violates our Community Guidelines.

Details: